Introducción a la informática y los sistemas de información administrativos
Enregistré dans:
| Auteurs principaux: | , , |
|---|---|
| Format: | Livre |
| Langue: | espagnol |
| Publié: |
Santiago
Universitaria
1979
|
| Édition: | 2a. ed |
| Sujets: | |
| Tags: |
Ajouter un tag
Pas de tags, Soyez le premier à ajouter un tag!
|
MARC
| LEADER | 00000nam a2200000 a 4500 | ||
|---|---|---|---|
| 001 | UCR9449 | ||
| 003 | CL-VaPUC | ||
| 008 | 980613e19790000CL |||||||||||||||||spa|d | ||
| 082 | 0 | 4 | |a 004 |b BAR |2 21 |
| 100 | 0 | |a Barros V., Oscar |e author |9 412009 | |
| 700 | 0 | |a Holgado S. M., Antonio |e author |9 412010 | |
| 700 | 0 | |a Pérez V., Víctor L |e author |9 412011 | |
| 245 | 1 | 0 | |a Introducción a la informática y los sistemas de información administrativos |
| 250 | |a 2a. ed | ||
| 300 | |a 147 p | ||
| 942 | |c BK | ||
| 945 | |d 19980613 00:00:00 |a crobeson | ||
| 260 | |a Santiago |b Universitaria |c 1979 | ||
| 650 | 7 | |a SISTEMAS DE ALMACENAMIENTO Y RECUPERACION DE INFORMACIONADMINISTRACION |2 CL-VaPUC |9 260040 | |
| 650 | 0 | |a Sistemas de información en administración |9 260041 | |
| 583 | |a last modification |c 19980613 00:00:00 |k Rodrigo Vera | ||
| 999 | |c 270643 |d 270641 | ||
| 952 | |0 0 |1 0 |4 0 |6 004_000000000000000_BAR_1979 |7 0 |8 P |9 305006 |a BIBGIM |b BIBGIM |d 2019-11-20 |i 1413481 |o 004 BAR 1979 |p 1413481 |r 2025-01-15 |w 2019-11-20 |y BK |k COM | ||